الأخلاقيات في الإدارة / (رقم التسجيلة. 22553)

تفاصيل مارك
000 -الفاتح
حقل البيانات ثابتة الطول 00794nam a22002297a 4500
003 - محدد رقم الضبط
رقم الضبط OSt
005 - وقت وتاريخ اخر تعامل مع التسجيلة
رقم الضبط 20150408114028.0
008 - عناصر البيانات ثابتة الطول - معلومات عامة
حقل البيانات ثابتة الطول 120503t2012 jo a | b 00| 0 ara d
020 ## - الرقم الدولى المعيارى للكتب
الرقم الدولى المعيارى للكتاب 9789957119638
040 ## - مصدر الفهرسة
وكالة النسخ MU
082 ## - رقم تصنيف ديوى العشرى
رقم الطبعة 21
رقم التصنيف 352.68
رقم المادة ي م أ
100 ## - المدخل الرئيسى - إسم شخصى
الإسم الشخصى ياغي، محمد عبد الفتاح.
9 (RLIN) 12282
245 ## - بيان العنوان
العنوان الأخلاقيات في الإدارة /
بيان المسئوليه,etc تأليف محمد عبد الفتاح ياغي.
250 ## - بيان الطبعة
بيان الطبعة ط. 1.
260 ## - PUBLICATION, DISTRIBUTION, ETC. (IMPRINT)
مكان الناشر او الموزع عمان، الأردن ؛
تاريخ النشر أو التوزيع 24 سم.
300 ## - الوصف المادى
التعداد 222 ص. :
تفاصيل ماديه اخرى للوعاء جداول ؛
أبعاد الوعاء 24 سم.
504 ## - تبصرة ببليوجرافية
تبصرة ببليوجرافية,الخ يشتمل على ارجاعات ببليوجرافية.
650 ## - المدخل الاضافى بالموضوع-مصطلح موضوعى
مصطلح موضوعي أو اسم جغرافي كعنصر مدخل الأخلاق المهنية.
9 (RLIN) 2730
650 ## - المدخل الاضافى بالموضوع-مصطلح موضوعى
مصطلح موضوعي أو اسم جغرافي كعنصر مدخل إدارة الأفراد.
9 (RLIN) 12283
650 ## - المدخل الاضافى بالموضوع-مصطلح موضوعى
مصطلح موضوعي أو اسم جغرافي كعنصر مدخل السلوك الإداري.
9 (RLIN) 12284
942 ## - عناصر المدخل الإضافي( كوها)
مصدر التصنيف او مخطط الترفيف Dewey Decimal Classification
Koha [default] item type DVD
المقتنيات
حالة الفقد نموذج السعر الفعال حالة تلف ليس للاعارة رقم الطلب رقم النسخة تاريخ الاكتساب الموقع الحالي الباركود الفرع الرئيسي Date last seen نوع المادة فى نظام كوها مصدر التصنيف او خطة الترفيف Total Checkouts Date last checked out Total Renewals
  2013-03-10     352.68 ي م أ ن 1 2012-05-03 المكتبة المركزية بالمجمعة (CL) 00105965 المكتبة المركزية بالمجمعة (CL) 2013-03-10 كتاب Dewey Decimal Classification      
  2013-03-10     352.68 ي م أ ن 2 2012-05-03 المكتبة المركزية بالمجمعة (CL) 00105966 المكتبة المركزية بالمجمعة (CL) 2013-03-10 كتاب Dewey Decimal Classification      
  2013-03-10     352.68 ي م أ ن 3 2012-05-03 المكتبة المركزية بالمجمعة (CL) 00105967 المكتبة المركزية بالمجمعة (CL) 2013-03-10 كتاب Dewey Decimal Classification      
  2013-03-10     352.68 ي م أ   2012-07-28 المكتبة المركزية بالمجمعة (CL) 00091839 المكتبة المركزية بالمجمعة (CL) 2013-03-10 كتاب Dewey Decimal Classification      
  2013-03-10     352.68 ي م أ   2012-07-30 المكتبة المركزية بالمجمعة (CL) 00091836 المكتبة المركزية بالمجمعة (CL) 2013-03-10 كتاب Dewey Decimal Classification      
  2013-03-10     352.68 ي م أ   2012-07-30 المكتبة المركزية بالمجمعة (CL) 00091835 المكتبة المركزية بالمجمعة (CL) 2013-03-10 كتاب Dewey Decimal Classification      
  2013-03-10     352.68 ي م أ   2012-08-15 قسم الاجراءات الفنية (IC) 00094006 قسم الاجراءات الفنية (IC) 2013-03-10 كتاب Dewey Decimal Classification      
  2013-03-10     352.68 ي م أ   2012-08-15 قسم الاجراءات الفنية (IC) 00094005 قسم الاجراءات الفنية (IC) 2013-03-10 كتاب Dewey Decimal Classification      
  2013-03-10     352.68 ي م أ ن 1 2012-05-03 مكتبة كلية التمريض - طالبات (CNF) 00105968 مكتبة كلية التمريض - طالبات (CNF) 2015-03-08 كتاب Dewey Decimal Classification 2 2015-02-23  
  2013-03-10     352.68 ي م أ ن 2 2012-05-03 مكتبة كلية التمريض - طالبات (CNF) 00105969 مكتبة كلية التمريض - طالبات (CNF) 2013-03-10 كتاب Dewey Decimal Classification      
  2013-03-10     352.68 ي م أ ن 1 2012-05-03 مكتبة كلية العلوم و الدراسات الإنسانية برماح - طالبات (SRF) 00105972 مكتبة كلية العلوم و الدراسات الإنسانية برماح - طالبات (SRF) 2014-12-01 كتاب Dewey Decimal Classification 1 2013-09-08 1
  2013-03-10     352.68 ي م أ ن 2 2012-05-03 مكتبة كلية العلوم و الدراسات الإنسانية برماح - طالبات (SRF) 00105973 مكتبة كلية العلوم و الدراسات الإنسانية برماح - طالبات (SRF) 2013-03-10 كتاب Dewey Decimal Classification      
  2013-03-10     352.68 ي م أ ن 1 2012-05-03 مكتبة كلية العلوم و الدراسات الإنسانية برماح - طلاب (SRM) 00105970 مكتبة كلية العلوم و الدراسات الإنسانية برماح - طلاب (SRM) 2013-03-10 كتاب Dewey Decimal Classification      
  2013-03-10     352.68 ي م أ ن 2 2012-05-03 مكتبة كلية العلوم و الدراسات الإنسانية برماح - طلاب (SRM) 00105971 مكتبة كلية العلوم و الدراسات الإنسانية برماح - طلاب (SRM) 2013-03-10 كتاب Dewey Decimal Classification